00318nam a2200109Ia 450000500170000000800410001704100080005810000320006624500840009825000080018226000180019020251013221644.0251010s9999 xx 000 0 und d amar aकोकाटे सा. aश्री सार्इनाथ चरित्र आणि भजने a1ST bCentralc1928